A tanári tudás szerepe az oktatási rendszer fejlesztésében

Elmentve itt :
Bibliográfiai részletek
Szerző: Csapó Benő
Dokumentumtípus: Cikk
Megjelent: Oktatáskutató és Fejlesztő Intézet (OFI) 2007
Sorozat:ÚJ PEDAGÓGIAI SZEMLE 57 No. 3-4
mtmt:1153082
Online Access:http://publicatio.bibl.u-szeged.hu/11646
LEADER 00787nab a2200193 i 4500
001 publ11646
005 20200225142253.0
008 170627s2007 hu o 0|| zxx d
022 |a 1215-1807 
024 7 |a 1153082  |2 mtmt 
040 |a SZTE Publicatio Repozitórium  |b hun 
041 |a zxx 
100 1 |a Csapó Benő 
245 1 2 |a A tanári tudás szerepe az oktatási rendszer fejlesztésében  |h [elektronikus dokumentum] /  |c  Csapó Benő 
260 |a Oktatáskutató és Fejlesztő Intézet (OFI)  |c 2007 
300 |a 11-23 
490 0 |a ÚJ PEDAGÓGIAI SZEMLE  |v 57 No. 3-4 
856 4 0 |u http://publicatio.bibl.u-szeged.hu/11646/1/Uj_PSZ_2007_3_4_Csapo_u.pdf  |z Dokumentum-elérés  
856 4 0 |u http://publicatio.bibl.u-szeged.hu/11646/2/Uj_pedagogiai_szemle_57_evf_3_4_sz_2007_u.pdf  |z Dokumentum-elérés